Foundations of digital signal processing : (Record no. 175768)
[ view plain ]
| 000 -LEADER | |
|---|---|
| fixed length control field | 01576 a2200241 4500 |
| 003 - CONTROL NUMBER IDENTIFIER | |
| control field | Nust |
| 005 - DATE AND TIME OF LATEST TRANSACTION | |
| control field | 20220818101315.0 |
| 010 ## - LIBRARY OF CONGRESS CONTROL NUMBER | |
| LC control number | 2006286577 |
| 020 ## - INTERNATIONAL STANDARD BOOK NUMBER | |
| International Standard Book Number | 0852964315 |
| 035 ## - SYSTEM CONTROL NUMBER | |
| System control number | (OCoLC)56658976 |
| 035 ## - SYSTEM CONTROL NUMBER | |
| System control number | (OCoLC)ocm56658976 |
| 040 ## - CATALOGING SOURCE | |
| Transcribing agency | Nust |
| 082 04 - DEWEY DECIMAL CLASSIFICATION NUMBER | |
| Classification number | 621.3822,GAY |
| 100 1# - MAIN ENTRY--PERSONAL NAME | |
| Personal name | Gaydecki, Patrick. |
| 9 (RLIN) | 97920 |
| 245 10 - TITLE STATEMENT | |
| Title | Foundations of digital signal processing : |
| Remainder of title | theory, algorithms and hardware design / |
| Statement of responsibility, etc. | Patrick Gaydecki. |
| 260 ## - PUBLICATION, DISTRIBUTION, ETC. | |
| Place of publication, distribution, etc. | London : |
| Name of publisher, distributor, etc. | Institution of Electrical Engineers, |
| Date of publication, distribution, etc. | c2004. |
| 300 ## - PHYSICAL DESCRIPTION | |
| Extent | xxii, 462 p. : |
| Other physical details | ill. ; |
| Dimensions | 24 cm.+ |
| Accompanying material | CD-ROM (4 3/4 in.) |
| 440 #0 - SERIES STATEMENT/ADDED ENTRY--TITLE | |
| Title | IEE circuits, devices and systems series ; |
| Volume/sequential designation | 15 |
| 9 (RLIN) | 96346 |
| 505 ## - FORMATTED CONTENTS NOTE | |
| Formatted contents note | Definitions and Applications of Digital Signal Processing (Page-1), A Linear Systems Toolbox (Page-15), An Introduction to High Level Computer Programming Using Delphi (Page-53), Analysis of Simple Electrical Systems Using Complex Impedance, Differential and Difference Equations (Page-117), Introduction to Convolution and Correlation (Page-153), Discrete Fourier Properties and Processing (Page-217), Introduction to Laplace space and The Laplace Transform (Page-253), An Introduction to z-Space, The z-Transform and Digital Filter Design (Page-277), Signal Sampling, Analog to Digital and Digital to Analog Conversion (Page-299), The Design and Implementation of Finite Impulse Response Filters (Page-325), The Deign and Implementation of Infinite Impulse Response Filters (Page-355). |
| 650 #0 - SUBJECT ADDED ENTRY--TOPICAL TERM | |
| Topical term or geographic name entry element | Telecommunication engineering |
| 710 2# - ADDED ENTRY--CORPORATE NAME | |
| Corporate name or jurisdiction name as entry element | Institution of Electrical Engineers. |
| 942 ## - ADDED ENTRY ELEMENTS (KOHA) | |
| Koha item type | Reference |
| Source of classification or shelving scheme | |
| Withdrawn status | Lost status | Source of classification or shelving scheme | Damaged status | Not for loan | Permanent Location | Current Location | Shelving location | Date acquired | Full call number | Barcode | Date last seen | Price effective from | Koha item type | Public note |
|---|---|---|---|---|---|---|---|---|---|---|---|---|---|---|
| Military College of Signals (MCS) | Military College of Signals (MCS) | Reference | 12/12/2016 | 621.3822,GAY | MCS31472 | 12/08/2016 | 12/12/2016 | Reference | Almirah No.22, Shelf No.4 |
